| 000 | 00407nam a2200145Ia 4500 | ||
|---|---|---|---|
| 008 | 150201s2009 xx 000 0 und d | ||
| 082 |
_a617.601 _bB2009F |
||
| 100 | _aANN ,FELTON | ||
| 245 | _aBASIC GUIDE TO ORAL HEALTH EDUCATION & PROMOTION | ||
| 250 | _a3RD | ||
| 260 |
_bWILEY BLACKWELL PUBLISHING _aEDINBURG _c2009 |
||
| 300 | _a1-286 | ||
| 650 | _aPREVENTIVE AND COMMUNITY DENTISTRY | ||
| 942 |
_2ddc _cBK |
||
| 999 |
_c4767 _d4767 |
||